000 00465nam a2200157 a 4500
001 000036358
005 20200930075704.0
008 120113s1973 sp 000 0 spa d
020 _a8425408075
040 _aDO-SdBNP
_bspa
_cBNPHU
082 _axxx
_bI24g
100 1 _aIglesias, María Isabel
_962546
245 1 0 _aGramática sucinta de la lengua inglesa /
_cMaría Isabel Iglesias.
260 _aBarcelona, España :
_bHerder,
_c1973.
300 _a288 p. ;
_c20 cm.
999 _c35849
_d35849